Statistics for Countries Militarily Stronger than their Neighbors

Click here to take the quiz!

General Stats

  • This quiz has been taken 95 times
    (76 since last reset)
  • The average score is 14 of 18

Answer Stats

Country% Correct
United States
100%
Russia
99%
France
97%
United Kingdom
94%
South Africa
88%
Egypt
87%
Indonesia
86%
Saudi Arabia
84%
Turkey
80%
Nigeria
77%
South Korea
75%
Dominican Republic
70%
Thailand
67%
Sweden
65%
Algeria
61%
Ethiopia
59%
Angola
36%
Uzbekistan
33%

Score Distribution

Percentile by Number Answered

Percent of People with Each Score

Your Score History

You have not taken this quiz since the last reset